Dessau aid bauhaus : (Record no. 353593)

000 -LEADER
fixed length control field 00712nam a22002417a 4500
003 - CONTROL NUMBER IDENTIFIER
control field OSt
005 - DATE AND TIME OF LATEST TRANSACTION
control field 20180116192412.0
008 - FIXED-LENGTH DATA ELEMENTS--GENERAL INFORMATION
fixed length control field 121213t2002 xxu||||| |||| 00| 0 eng d
020 ## - INTERNATIONAL STANDARD BOOK NUMBER
International Standard Book Number 0714842176
020 ## - INTERNATIONAL STANDARD BOOK NUMBER
International Standard Book Number 9780714842172
040 ## - CATALOGING SOURCE
Transcribing agency 0
082 ## - DEWEY DECIMAL CLASSIFICATION NUMBER
Classification number 727.472094318
100 1# - MAIN ENTRY--PERSONAL NAME
Personal name Sharp, Dennis.
9 (RLIN) 6122
245 10 - TITLE STATEMENT
Title Dessau aid bauhaus :
Remainder of title Walter groups /
Statement of responsibility, etc. Dennis Sharp.
260 ## - PUBLICATION, DISTRIBUTION, ETC.
Place of publication, distribution, etc. London :
Name of publisher, distributor, etc. Phaidon Press,
Date of publication, distribution, etc. 2002.
300 ## - PHYSICAL DESCRIPTION
Extent 62 p. :
Other physical details ill;
Dimensions 25 cm.
490 1# - SERIES STATEMENT
Series statement Architecture in detail.
610 1# - SUBJECT ADDED ENTRY--CORPORATE NAME
Corporate name or jurisdiction name as entry element Gropius, Walter,
Date of meeting or treaty signing 1883-1969
9 (RLIN) 6123
650 ## - SUBJECT ADDED ENTRY--TOPICAL TERM
Topical term or geographic name entry element Bauhaus
9 (RLIN) 6124
830 #0 - SERIES ADDED ENTRY--UNIFORM TITLE
Uniform title Architecture in detail.
9 (RLIN) 6125
942 ## - ADDED ENTRY ELEMENTS (KOHA)
Source of classification or shelving scheme
Koha item type Book
Holdings
Withdrawn status Lost status Source of classification or shelving scheme Damaged status Not for loan Permanent Location Current Location Date acquired Total Checkouts Total Renewals Full call number Barcode Date last seen Date last checked out Cost, replacement price Price effective from Koha item type
          School of Art Design and Architecture (SADA) School of Art Design and Architecture (SADA) 11/28/2012 3 1 727.472094318 SHA 2002 SADA0001908 10/02/2014 10/01/2014 1763.00 12/13/2012 Book
© 2023 Central Library, National University of Sciences and Technology. All Rights Reserved.